01003 a2200217 450000100060000002000180000604000220002410000230004624000550006924500500012430000080017436200090018265000450019194200070023695201080024395200900035195201090044195201090055095201090065999900170076858815 a9788516074500 cAnchieta - Pituba aMota, Myriam Becho10aHistória das cavernas ao terceiro milêniolpor10aHistória das cavernas ao terceiro milênio a6310 a2012 4aHistória do mundo antigo até 499 AC. cBK 00104070a91.1b91.1d2023-11-21l0o930 M917h MOT HISp9615/PITr2023-11-21 18:26:42w2023-11-21yBK 00104070a91.1b91.1d2023-11-21l0p13306/PITr2023-11-21 18:26:42w2023-11-21yBK 00104070a91.1b91.1d2023-11-21l0o930 M917h MOT HISp18436/PITr2023-11-21 18:26:42w2023-11-21yBK 00104070a91.1b91.1d2023-11-21l0o930 M917h MOT HISp18438/PITr2023-11-21 18:26:42w2023-11-21yBK 00104070a91.1b91.1d2023-11-21l0o930 M917h MOT HISp18439/PITr2023-11-21 18:26:42w2023-11-21yBK c58815d58815